<?xml version="1.0" encoding="UTF-8"?><?xml-stylesheet type="text/xsl" href="static/style.xsl"?><OAI-PMH xmlns="http://www.openarchives.org/OAI/2.0/" xmlns:xsi="http://www.w3.org/2001/XMLSchema-instance" xsi:schemaLocation="http://www.openarchives.org/OAI/2.0/ http://www.openarchives.org/OAI/2.0/OAI-PMH.xsd"><responseDate>2026-04-17T15:03:32Z</responseDate><request verb="GetRecord" identifier="oai:www.recercat.cat:11351/13104" metadataPrefix="marc">https://recercat.cat/oai/request</request><GetRecord><record><header><identifier>oai:recercat.cat:11351/13104</identifier><datestamp>2025-10-24T10:17:06Z</datestamp><setSpec>com_2072_378070</setSpec><setSpec>com_2072_378040</setSpec><setSpec>col_2072_378092</setSpec></header><metadata><record xmlns="http://www.loc.gov/MARC21/slim" xmlns:dcterms="http://purl.org/dc/terms/" xmlns:xsi="http://www.w3.org/2001/XMLSchema-instance" xmlns:doc="http://www.lyncode.com/xoai" xsi:schemaLocation="http://www.loc.gov/MARC21/slim http://www.loc.gov/standards/marcxml/schema/MARC21slim.xsd">
   <leader>00925njm 22002777a 4500</leader>
   <datafield ind2=" " ind1=" " tag="042">
      <subfield code="a">dc</subfield>
   </datafield>
   <datafield ind2=" " ind1=" " tag="720">
      <subfield code="a">Valera-Rubio, Marta</subfield>
      <subfield code="e">author</subfield>
   </datafield>
   <datafield ind2=" " ind1=" " tag="720">
      <subfield code="a">Domingo-Chiva, Esther</subfield>
      <subfield code="e">author</subfield>
   </datafield>
   <datafield ind2=" " ind1=" " tag="720">
      <subfield code="a">Becerril Moreno, Fernando</subfield>
      <subfield code="e">author</subfield>
   </datafield>
   <datafield ind2=" " ind1=" " tag="720">
      <subfield code="a">Aquerreta, Irene</subfield>
      <subfield code="e">author</subfield>
   </datafield>
   <datafield ind2=" " ind1=" " tag="720">
      <subfield code="a">Doménech-Moral, Laura</subfield>
      <subfield code="e">author</subfield>
   </datafield>
   <datafield ind2=" " ind1=" " tag="720">
      <subfield code="a">MARTIN CEREZUELA, MARIA</subfield>
      <subfield code="e">author</subfield>
   </datafield>
   <datafield ind2=" " ind1=" " tag="260">
      <subfield code="c">2025-05-19T06:19:37Z</subfield>
   </datafield>
   <datafield ind2=" " ind1=" " tag="260">
      <subfield code="c">2025-05-19T06:19:37Z</subfield>
   </datafield>
   <datafield ind2=" " ind1=" " tag="260">
      <subfield code="c">2025-05</subfield>
   </datafield>
   <datafield ind2=" " ind1=" " tag="520">
      <subfield code="a">Farmacia hospitalaria; Farmacéutico clínico; Paciente crítico</subfield>
   </datafield>
   <datafield ind2=" " ind1=" " tag="520">
      <subfield code="a">Hospital pharmacy; Clinical pharmacist; Critical patient</subfield>
   </datafield>
   <datafield ind2=" " ind1=" " tag="520">
      <subfield code="a">Farmàcia hospitalària; Farmacèutic clínic; Pacient crític</subfield>
   </datafield>
   <datafield ind2=" " ind1=" " tag="520">
      <subfield code="a">El objetivo principal de la actividad llevada a cabo en una unidad de cuidados intensivos y en general en todas las unidades de hospitalización, es facilitar todos los medios humanos y materiales para ofrecer la mejor atención terapéutica a los pacientes ingresados. El trabajo en equipos multidisciplinarios, compuestos por especialistas en medicina intensiva como responsables de los enfermos, médicos de otras especialidades, enfermería especializada, fisioterapeutas, nutricionistas y farmacéuticos clínicos, es un enfoque óptimo para alcanzar el objetivo propuesto. Las actividades del farmacéutico clínico pueden desarrollarse a diferentes niveles (básico, intermedio y excelente) dependiendo del grado de implicación, el tiempo de dedicación, la capacitación y los recursos disponibles. El presente artículo pretende establecer una guía de trabajo inicial, mediante recomendaciones dirigidas a la actividad a desarrollar por el farmacéutico clínico en la UCI en relación con el cuidado del paciente crítico y la mejora de la calidad, que sirva de referencia para aquellos farmacéuticos que vayan a desarrollar actividades de atención farmacéutica en unidades de cuidados intensivos.</subfield>
   </datafield>
   <datafield ind2=" " ind1=" " tag="520">
      <subfield code="a">The main objective of the activity carried out in an intensive care unit and in general in all hospitalization units, is to provide all the human and material resources to offer the best therapeutic care to admitted patients. Work in multidisciplinary teams, made up of specialists in Intensive Care Medicine as those responsible for the patients, doctors from other specialties, specialized nursing, physiotherapists, nutritionists and clinical pharmacists is an optimal approach to achieve the proposed objective. The activities of the clinical pharmacist can be developed at different levels (basic, intermediate and excellent) depending on the degree of involvement, the time dedicated, the training and the available resources. This article aims to establish an initial work guide, through recommendations aimed at the activity to be developed by the clinical pharmacist in the ICU in relation to critical patient care and quality improvement, which serves as a reference for those pharmacists who go to develop pharmaceutical care activities in critical patients.</subfield>
   </datafield>
   <datafield ind1="8" ind2=" " tag="024">
      <subfield code="a">http://hdl.handle.net/11351/13104</subfield>
   </datafield>
   <datafield tag="653" ind2=" " ind1=" ">
      <subfield code="a">Farmacèutics</subfield>
   </datafield>
   <datafield tag="653" ind2=" " ind1=" ">
      <subfield code="a">Unitats de cures intensives</subfield>
   </datafield>
   <datafield tag="653" ind2=" " ind1=" ">
      <subfield code="a">PSYCHIATRY AND PSYCHOLOGY::Behavior and Behavior Mechanisms::Psychology, Social::Group Processes::Role::Professional Role</subfield>
   </datafield>
   <datafield tag="653" ind2=" " ind1=" ">
      <subfield code="a">NAMED GROUPS::Persons::Occupational Groups::Health Personnel::Pharmacists</subfield>
   </datafield>
   <datafield tag="653" ind2=" " ind1=" ">
      <subfield code="a">HEALTH CARE::Health Care Facilities, Manpower, and Services::Health Facilities::Hospital Units::Intensive Care Units</subfield>
   </datafield>
   <datafield tag="653" ind2=" " ind1=" ">
      <subfield code="a">PSIQUIATRÍA Y PSICOLOGÍA::conducta y mecanismos de la conducta::psicología social::procesos de grupo::rol::rol profesional</subfield>
   </datafield>
   <datafield tag="653" ind2=" " ind1=" ">
      <subfield code="a">DENOMINACIONES DE GRUPOS::personas::grupos profesionales::personal sanitario::farmacéuticos</subfield>
   </datafield>
   <datafield tag="653" ind2=" " ind1=" ">
      <subfield code="a">ATENCIÓN DE SALUD::instalaciones, servicios y personal de asistencia sanitaria::centros sanitarios::unidades hospitalarias::unidades de cuidados intensivos</subfield>
   </datafield>
   <datafield ind2="0" ind1="0" tag="245">
      <subfield code="a">Actividades del farmacéutico clínico en las unidades de cuidados intensivos</subfield>
   </datafield>
   <datafield ind2="0" ind1="0" tag="245">
      <subfield code="a">Activities of the clinical pharmacist in the intensive care units</subfield>
   </datafield>
</record></metadata></record></GetRecord></OAI-PMH>